Statistiken für Buchstabenwert

Klicken Sie hier um das Quiz zu spielen!

Allgemein

  • Dieses Quiz wurde 75 mal gespielt
  • Das Durchschnittsergebnis liegt bei 13 aus 26

Antwortstatistiken

BuchstabeBuchstabenwert% Korrekt
E5
77%
A1
74%
D4
74%
B2
72%
C3
72%
H8
66%
K11
57%
J10
55%
M13
55%
F6
55%
G7
55%
L12
53%
N14
49%
I9
49%
O15
43%
Q17
43%
P16
38%
X24
38%
Y25
38%
T20
36%
W23
34%
R18
32%
Z26
32%
U21
28%
V22
26%
S19
23%

Verteilung der Resultate

Perzentil nach korrekt beantworteten Fragen

Anzahl Personen mit jedem Resultat

Ihre Resultats-Entwicklung

Sie haben dieses Quiz noch nicht gespielt